000 00454nam a2200169Ia 4500
008 240729s9999 xx 000 0 und d
022 _a2471-5492
245 0 _aJournal of Shoulder and Elbow Arthroplasty
260 _aUnited States
260 _bSAGE Publishing
650 _a Orthopedic surgery
650 _a Surgery
650 _aMedicine
856 _uhttps://doaj.org/toc/c4eb79029c1849769b819a81eeae24d9
942 _2ddc
942 _cDOAJEJ
999 _c67785
_d67785
945 _a1
_bMadushi Gamage
_c1
_dMadushi Gamage